Plus grandes villes de France (à l'aveugle) - Statistiques

Statistiques générales
  • Ce quiz a été pris 113 fois
  • Le résultat moyen est 9 sur 10
Statistiques - réponses
Classement Ville % Correct
1 Paris
100%
2 Marseille
97%
10 Lille
96%
3 Lyon
96%
9 Bordeaux
94%
5 Nice
92%
4 Toulouse
91%
6 Nantes
90%
8 Strasbourg
87%
7 Montpellier
70%
Aucun quiz correspondant
Distribution des résultats
% des personnes avec chaque résultat
Percentile par nombre de réponses
Votre historique - résultats
Vous n’avez pas pris ce quiz